| 000 | 00495nam a2200193Ia 4500 | ||
|---|---|---|---|
| 003 | GCL | ||
| 008 | 140319s9999 xx 000 0 eng d | ||
| 040 |
_aGCL / _cGCL |
||
| 082 | 0 | 4 |
_a781.424 _bW W |
| 100 | 1 | _aWILLOUGHBY, DAVID | |
| 245 | 1 | 0 |
_aTHE WORLD OF MUSIC / _cWILLOUGHBY, DAVID |
| 260 |
_a[S.N] : _bBROWN & BENCHMARK ، _c1996 |
||
| 300 | _a381 P | ||
| 650 | 0 | 4 | _aJAZZ MUSIC HISTORY |
| 650 | 0 | 4 | _aMUSIC |
| 650 | 0 | 4 | _aPOPULAR - MUSIC |
| 650 | 0 | 4 | _aMUSIC - LISTENING |
| 942 |
_2ddc _cBK |
||
| 999 |
_c11926 _d11926 |
||